{"text_format":"3","workbook":"xls","n_sheets":3,"sheets":["Лист1","Лист2","Лист3"],"read":"whole","date_system":"1900","formulas":"cached_only"}

{"sheet":"Лист1","index":0,"n_rows":35,"n_cols":12,"rows_kept":35,"flags":["formulas_cached_only"]}
["№ п/п","наименование","ед. изм","норма","кол дней","кол чел","вес","общ кол.","ед.изм","цена за ед","сумма"]
[1,"хлеб","бух",0.25,5,2,1.5,2.5,"бух",20,50]
[2,"сухари","кг",0.2,5,2,2,2,"кг",45,90]
[3,"крупа/вермишель","кг",0.2,5,2,2,2,"кг",60,120]
[4,"вермишель б/п","шт",1,5,2,0.2,10,"шт",10,100]
[5,"суп б/п","шт",0.5,5,2,0.1,5,"шт",10,50]
[6,"тушенка","банка",0.25,5,2,1,2.5,"банка",80,200]
[7,"сгущенка","туба, 0,25",0.1,5,2,0.3,1,"туба, 0,25",35,35]
[8,"майонез","туба, 0,25",0.1,5,2,0.2,1,"туба, 0,25",25,25]
[9,"томат соус","туба, 0,25",0.1,5,2,0.2,1,"туба, 0,25",25,25]
[10,"колбаса с/к","кг",0.05,5,2,0.5,0.5,"кг",300,150]
[11,"сало","кг",0.05,5,2,0.5,0.5,"кг",150,75]
[12,"сыр","кг",0.05,5,2,0.5,0.5,"кг",250,125]
[13,"чай","пачка",0.1,5,2,0.1,1,"пачка",30,30]
[14,"сахар","кг",0.05,5,2,0.5,0.5,"кг",35,17.5]
[15,"конфеты","кг",0.05,5,2,0.5,0.5,"кг",200,100]
[16,"соль","кг",0.005,5,2,0.05,0.05,"кг",10,0.5]
[17,"сух.молоко","кг",0.04,5,2,0.4,0.4,"кг",160,64]
[18,"яич.порошок","кг",0.02,5,2,0.2,0.2,"кг",160,32]
[19,"масло подс.","л",0.02,5,2,0.2,0.2,"л",70,14]
[20,"сух.овощи","пачка",0.01,5,2,0.1,0.1,"пачка",30,3]
[21,null,null,0,5,2,null,0,0,0,0]
[22,null,null,0,5,2,null,0,0,0,0]
[23,null,null,0,5,2,null,0,0,0,0]
[24,null,null,0,5,2,null,0,0,0,0]
[25,null,null,0,5,2,null,0,0,0,0]
[null,null,"кол-во","дн/чел",5,2]
[]
[{"$nulls":5},"ИТОГО",11.049999999999999,"кг",null,null,1306,"руб"]
[]
[{"$nulls":5},"На челов",5.5249999999999995,"кг",null,null,653,"руб"]
[]
[]
[null,"***Бирюзовые поля для заполнения констант"]
[null,"** Коричневые поля для заполнения переменных"]

{"sheet":"Лист2","index":1,"n_rows":0,"n_cols":0,"rows_kept":0,"flags":["formulas_cached_only"]}

{"sheet":"Лист3","index":2,"n_rows":0,"n_cols":0,"rows_kept":0,"flags":["formulas_cached_only"]}